| 000 | 00613nam a2200205Ia 4500 | ||
|---|---|---|---|
| 008 | 170504s9999 xx 000 0 und d | ||
| 050 | _aHD 58.7 | ||
| 050 | _b.N638 2016 | ||
| 100 | _aNicolas, Erikka G. | ||
| 245 | _aAttitude and perception towards organizational change of bloomfield academy employees / | ||
| 245 | _cErikka G. Nicolas. | ||
| 260 | _aLas PiƱas, Philippines : | ||
| 260 | _bSISC, | ||
| 260 | _c2016. | ||
| 300 | _a52 pages : | ||
| 300 | _billustrations ; | ||
| 300 | _c28 cm. | ||
| 500 | _aIncludes bibliographical references and appendices. | ||
| 521 | _aBusiness Administration | ||
| 999 |
_c329808 _d329808 |
||